| 000 | 00741nam a2200217Ia 4500 | ||
|---|---|---|---|
| 003 | GCL | ||
| 008 | 140319s9999 xx 000 0 ara d | ||
| 040 |
_aGCL / _cGCL |
||
| 082 | 0 | 4 |
_a210.92 _bخ ك |
| 100 | 1 | _aسهيل زكار | |
| 245 | 1 | 0 |
_aكتاب الطبقات / _cسهيل زكار |
| 700 | 1 | _aالازدى، محمد بن احمد بن المطهر | |
| 700 | 1 | _aخليفة العصفرى : ابو عمرو خليفة بن خياط الشيبانى البصرى | |
| 700 | 1 | _aالتسترى, موسى بن زكاريا بن يحي | |
| 300 | _a764 ص | ||
| 490 | _a | ||
| 650 | 0 | 4 | _aالتراجم |
| 650 | 0 | 4 | _aالانساب العربية |
| 650 | 0 | 4 | _aالصحابة والتابعون - تراجم |
| 942 |
_2ddc _cBK |
||
| 999 |
_c37750 _d37750 |
||